000
00226nam a2200097Ia 4500
008
190216s9999||||xx |||||||||||||| ||und||
100
_a
Balamani Amma
245
0
_a
Prabhaskaram
260
_b
Oxford University Press
942
_c
BK
999
_c
24095
_d
24095